Normal view
MARC view
- Sawicki, Andrzej
Entry Personal Name
001 - CONTROL NUMBER
- control field: 43285
003 - CONTROL NUMBER IDENTIFIER
- control field: NUST
005 - DATE AND TIME OF LATEST TRANSACTION
- control field: 20210314132612.0
008 - FIXED-LENGTH DATA ELEMENTS
- fixed length control field: 210314|| aca||aabn | a|a d
040 ## - CATALOGING SOURCE
- Original cataloging agency: NUST
- Transcribing agency: NUST
100 ## - HEADING--PERSONAL NAME
- Personal name: Sawicki, Andrzej
670 ## - SOURCE DATA FOUND
- Source citation: Work cat.: (NUST): Sawicki, Andrzej, Mechanized of reinforced soil /, 2000.
